000 01007nam0a2200301 i 4500
001 RU\NLR\BIBL_A\010981044
005 20241103051409.0
010 _a9785930372472
_91000
035 _a(NILC)LIBNET\0000424339
035 _a(NLR Aleph) 010981044
090 _a10872450
_c10872450
100 _a20160212d2013 um y0rusy50 ca
101 0 _arus
102 _aRU
105 _aa|||g|||000zy
200 1 _aСовременные светодиоды
_eсправочник
_fА. М. Юшин
210 _aМосква
_cРадиоСофт
_d2013
215 _a382 с.
_cил.
_d21
606 _aСветодиоды
_jСправочники
_92105673
_3RU\NLR\AUTH\661273022
610 1 _aСветодиод
686 _a32.852.2я2
_vLBC/RL
_2rubbk
686 1 _aЗ854.22я22
700 1 _aЮшин
_bА. М.
_gАнатолий Михайлович
801 0 _aRU
_bОмская ГОНБ
_c20140219
_grcr
942 _cBOOK
980 _aNBR